La codificacin̤ del derecho civil de Cataluą Estudios con ocasin̤ del cincuentenario de la compilacin̤ /

Detalles Bibliográficos
Autor principal: Fontanellas Morell, Josep M.
Formato: eBook
Lenguaje:español
Publicado: Madrid: Marcial Pons, 2011
Materias:
Acceso en línea:Acceso restringido

MARC

LEADER 00000nam a22000007a 4500
005 20180227214150.0
007 cr|||| ||||
008 180227s2011 es |||||s|||| 00||0 spa d
020 |a 978-84-9123-323-7 
035 |a 20984 
040 |a vLex 
090 |c 7424  |d 7424 
100 1 |a Fontanellas Morell, Josep M. 
245 1 2 |a La codificacin̤ del derecho civil de Cataluą  |h [Recurso electrn̤ico] :  |b Estudios con ocasin̤ del cincuentenario de la compilacin̤ /  |c Josep M. Fontanellas Morell 
256 |a Servicio en ln̕ea 
260 |a Madrid:  |b Marcial Pons,  |c 2011 
300 |a 1 recurso electrn̤ico 
500 |a Los estudios reunidos en este volumen, que comprenden todas las divisiones sistemt̀icas del Derecho civil adems̀ del Derecho interregional, se realizaron con ocasin̤ de la conmemoracin̤ del cincuentenario (2010) de la Compilacin̤ del Derecho civil de Cataluą (1960) y proponen tanto un anl̀isis crt̕ico de la actividad legislativa hasta ahora llevada a cabo como una prospeccin̤ de la labor pendiente en orden a la codificacin̤ de la materia civil. Una obra, sin duda, de obligada referencia para quien, a partir de ahora, quiera adentrarse o profundizar en el Derecho civil catalǹ. Completadas por el Parlamento de Cataluą las primeras fases del ejercicio de la competencia exclusiva para conservar, modificar y desarrollar su Derecho civil, la promulgacin̤ de la Ley 29/2002, de 30 de diciembre, Primera ley del Cd̤igo Civil de Cataluą inici ̤un proceso legislativo que, teniendo por objetivo la consecucin̤ de un texto sistemt̀ico y con vocacin̤ omnicomprensiva, superara las insuficiencias propias de las tčnicas hasta entonces empleadas, constituidas, en una primera fase, por la adopcin̤ de la Compilacin̤ (1984), en una segunda, por la actualizacin̤ mediante leyes especiales de un Derecho en buena parte anacrn̤ico y, en una tercera, por la codificacin̤ sectorial del Derecho de sucesiones (1991) y del Derecho de familia (1998). A pesar de que la obra legislativa civil catalana, en su conjunto, ha merecido el reconocimiento general, su diversificacin̤ formal y su contenido fragmentario reclamaban, ya en el siglo xxi, su codificacin̤. El Cd̤igo Civil de Cataluą es hoy una realidad vigente en cinco de sus seis libros proyectados, a la espera de ser completada, en un futuro prx̤imo, con el Libro sexto, relativo a las obligaciones y los contratos. 
506 1 |a Disponible solo en los productos indicados  |d vLex Global  |d vLex Global (Academic Edition, excluding Law Schools)  |d vLex Global (U.S. Academic Edition, Law Schools)  |d vLex Global (U.S. Academic Edition, excluding Law Schools)  |d vLex Global (Academic Edition, Law Schools) 
650 0 4 |a Derecho Civil  |z Espaą 
740 0 |a vLex Libros (Servicio en ln̕ea) 
856 4 0 |u http://vlex.com/source/codificacion-del-derecho-civil-de-catalu-a-estudios-con-ocasion-del-cincuentenario-de-la-compilacion-20984  |z Acceso restringido 
942 |c BOOK 
999 0 |a Civil Law